Normale Ansicht MARC-Ansicht ISBD

Tabula Lectionum Publice Et Privatim In Academia Regia Viadrina per semestre Aestivum M D CC LV (Titelsatznr. 78896)

[ MARC ]
MARC-Details
000 -Satzkennung
Kontrollfeld mit fester Länge 00629nam a2200181 4500
001 - Kontrollnummer
Kontrollfeld 18624
005 - Datum und Zeit der letzten Transaktion
Kontrollfeld 20201125173859.0
007 - Feld mit fester Länge zur physischen Beschreibung - Allgemeine Information
Kontrollfeld mit fester Länge tu
008 - Feld mit fester Länge zur physischen Beschreibung - Allgemeine Angaben
Kontrollfeld mit fester Länge 170301s1755||||||| ger
245 00 - Titel
Titel Tabula Lectionum Publice Et Privatim In Academia Regia Viadrina per semestre Aestivum M D CC LV
264 ## - Produktion, Veröffentlichung, Distribution, Herstellung und Urheberrechtsvermerk
Herstellungs-, Veröffentlichungs- Vertriebs-, Erzeugungsort Frankfurt (Oder)
Produzent, Herausgeber, Distributor, Hersteller Winter
Datum der Herstellung, der Veröffentlichung, des Vertriebs oder des Urheberschutzvermerks 1755
365 ## - Handelspreis
Währungscode
546 ## - Fußnote zur Sprache
Sprache deutsch
650 04 - Nebeneintragung unter einem Schlagwort - Sachschlagwort
Sachschlagwort oder geografischer Name als Eintragungselement Winter
650 04 - Nebeneintragung unter einem Schlagwort - Sachschlagwort
Sachschlagwort oder geografischer Name als Eintragungselement Universität
650 04 - Nebeneintragung unter einem Schlagwort - Sachschlagwort
Sachschlagwort oder geografischer Name als Eintragungselement Frankfurt (Oder)
650 04 - Nebeneintragung unter einem Schlagwort - Sachschlagwort
Sachschlagwort oder geografischer Name als Eintragungselement Ulius, Boehmer, Stosch, Grillo, Causse, Surland, de Hackeman, de Bergen, Cartheuser, Westerman, Polac, Baumgarten, de Steinwehr, Nicolai, Deutsch, Simonetti
Exemplare
Ausgeschieden Verloren Klassifikation oder Aufstellungssystematik Beschädigt Nicht entleihbar Heimatbibliothek Aufenthaltsbibliothek Erwerbungsdatum Kodierter Standort-Qualifier Anzahl Ausleihen Signatur Letzte Aktivität Preis gültig von Koha-Medientyp
    Andere/Generische Klassifikation     Stadtarchiv Frankfurt (Oder) | Archivbibliothek Stadtarchiv Frankfurt (Oder) | Archivbibliothek 25/11/2020 M   Einblattdrucke StAFF BA I Tit. 35 Nr. 1 25/11/2020 25/11/2020 Bücher